| 000 | 01032cam a2200265 a 4500 | ||
|---|---|---|---|
| 999 |
_c128882 _d128882 |
||
| 001 | 3735324 | ||
| 003 | ARRUPE | ||
| 005 | 20190131122613.0 | ||
| 008 | 830128s1981 nyua cb 000 0 eng | ||
| 010 | _a 81082030 | ||
| 040 |
_aDLC _cDLC _dDLC |
||
| 043 | _af-nr--- | ||
| 050 |
_aSPC. DT1058.K58 _bL48 1989 |
||
| 082 | 0 | 0 |
_a730/.09669/3 _219 |
| 100 |
_aLewis-Williams, David _944332 |
||
| 245 | 0 | 0 |
_aImages of power : _bunderstanding San rock art _cDavid Lewis-William and Thomas Dowson |
| 260 |
_aCape Town] : _bSouthern Book Publishers, _cc1989. |
||
| 300 |
_axii, 196 p. : _bill. ; _c24 cm. |
||
| 504 | _aBibliography: p. 80. | ||
| 650 |
_aKhoikhoi (African people) _xAntiquities _944333 |
||
| 650 |
_aKhoikhoi (African people) _xRites and ceremonies _944334 |
||
| 650 |
_aSymbolism in art _938021 |
||
| 651 |
_aAfrica, Southern _xAntiquities _921541 |
||
| 700 | 1 |
_aKaplan, Flora S. _944335 |
|
| 700 | 1 |
_aShea, Mary Anne. _944336 |
|
| 710 | 2 |
_aGrey Art Gallery & Study Center. _944337 |
|
| 906 |
_a7 _bcbc _corignew _d2 _eopcn _f19 _gy-gencatlg |
||
| 942 |
_2lcc _cSPC |
||